000 00428nam a2200145Ia 4500
005 20240821160234.0
008 240821s9999||||xx |||||||||||||| ||und||
082 _a370.954 IND
100 _aMinistry of Education and Social Welfare, New Delhi India
245 0 _aEducation in India, 1969-70
260 _aNew Delhi
_bMinistry of Education and Social Welfare
_c1975
300 _axv,542p
650 _aEducation
942 _cBK
999 _c154803
_d154803